| 000 | 00974nam a2200229Ia 4500 | ||
|---|---|---|---|
| 999 |
_c34690 _d34690 |
||
| 001 | 475 | ||
| 003 | GE_BSU | ||
| 005 | 20200130163630.0 | ||
| 008 | 181216s2002||||ge |||||||||||||| ||geo|| | ||
| 020 | _a999283773X | ||
| 040 | _cGE_BSU | ||
| 080 | _a316.3+32 ს-17 | ||
| 245 |
_aსაზოგადოება და პოლიტიკა : _b[ალმანახი]. კრ. 4 / _cრედ. გია ნოდია. |
||
| 264 |
_aთბილისი, _c2002. |
||
| 300 |
_a286 გვ.; _b19 სმ. |
||
| 500 | _aპარალ. თავფ. ინგლ. ენ. | ||
| 653 | _aინტელიგენცია | ||
| 653 | _aრელიგია და სახელმწიფო | ||
| 700 |
_a ნოდია, გია _eრედაქტორი _96545 |
||
| 710 |
_a მშვიდობის, დემოკრატიისა და განვითარების კავკას. ინ-ტი _96546 |
||
| 942 |
_cBK _2udc |
||